000 00591nam a2200157Ia 4500
008 151213s9999 xx 000 0 und d
100 _aবাংলা একাডেমী।
245 _aবায়ান্নর একুশ। ত্রিশ বছর পর।
_cবাংলা একাডেমী।
250 _a১ম সং
260 _aঢাকা
_bবাংলা একাডেমী।
_c1989
300 _a4445 p.
650 _aBangla
650 _aইুতিহাস গ্রন্থ
700 _aবাংলা একাডেমী।
999 _c2820
_d2820